| 000 | 00517nam a2200193 a 4500 | ||
|---|---|---|---|
| 001 | 2464 | ||
| 003 | CDMR | ||
| 005 | 20131024130852.0 | ||
| 008 | 130130s1983||||||||||||||||||||||||||||d | ||
| 020 | _a8486153077 | ||
| 040 |
_aCDMR _bcat _cCDMR |
||
| 100 | 1 |
_aPrado, Emilio _91846 |
|
| 245 | 1 | 4 |
_aLas radios libres _b: teoría y práctica de un movimiento alternativo _cEmilio Prado |
| 260 |
_aBarcelona _c1983 _bMitre |
||
| 300 | _a267 p. | ||
| 490 | 0 | _aNuevos Signos | |
| 650 | 0 | 4 |
_94182 _aRàdio lliure |
| 942 |
_cMON _2udc |
||
| 999 |
_c2464 _d2464 |
||